000 00406nam a2200145Ia 4500
008 100122s9999 xx 000 0 und d
082 _b23512
_a823.08
100 _aभावे पु भा
245 _aस्मरणी
260 _bविश्वमोहिनी प्रकाशन
_c1966
300 _a50
630 _aस्मरणी
730 _aस्मरणी
942 _cBOOK
999 _c411111
_d411108